Writing Qualitative Research Paper/ (Record no. 206797)

MARC details
000 -LEADER
fixed length control field 00584nam a22001937a 4500
005 - DATE AND TIME OF LATEST TRANSACTION
control field 20241028115718.0
010 ## - LCCN (DPL NO)
LC control number ENG-142457
020 ## - INTERNATIONAL STANDARD BOOK NUMBER
International Standard Book Number 9788194134930
Terms of availability 550.00
035 ## - SYSTEM CONTROL NUMBER
System control number EN-125989
037 ## - SOURCE OF ACQUISITION
Source of stock number/acquisition DBAD
082 ## - DEWEY DECIMAL CLASSIFICATION NUMBER
Classification number 005.75
Edition number 1
245 ## - TITLE STATEMENT
Title Writing Qualitative Research Paper/
Statement of responsibility, etc Edited by Abhinav Chaudhary
250 ## - EDITION STATEMENT
Edition statement 1
260 ## - PUBLICATION, DISTRIBUTION, ETC. (IMPRINT)
Name of publisher, distributor, etc Social Research Foundation
Date of publication, distribution, etc 2019
Place of publication, distribution, etc Uttar Pradesh
270 ## - ADDRESS
Address 128/170, H-Block, Kidwai Nagar
City Kanpur
300 ## - PHYSICAL DESCRIPTION
Extent 147p.
Dimensions 22cm(hb)
700 ## - ADDED ENTRY--PERSONAL NAME
Personal name Edited by Chaudhary, Abhinav
9 (RLIN) 73545
942 ## - ADDED ENTRY ELEMENTS (KOHA)
Source of classification or shelving scheme Dewey Decimal Classification
Item type English Books
Classification part 005.75
Call number suffix WRI
Holdings
Withdrawn status Lost status Not for loan Collection code Home library Current library Date acquired Source of acquisition Cost, normal purchase price Full call number Barcode Copy number Cost, replacement price Koha item type
      Non-fiction Bawana Bawana 28/10/2024 DBAD 550.00 005.75 WRI EN-125989 1 550.00 English Books

© Delhi Public Library
Hit Counter
free hit counter